00805cam a2200205Ma 450000500170000000800410001702000180005804000520007604100080012824501170013626000770025330000230033049000350035350400530038865000180044165000290045970000320048870000480052070000310056820140903175027.0040518s2005 xxu frn 001 0 eng d a9780822333630 aCo-BoUCMbspacJavier GarzóndDiana Londoño0 aspa00aRemaking modernitybpolitics, history, and sociologyceditores Julia Adams, Elisabeth Clemens y Ann Shola Orloff aDurham (Carolina del Norte, Estados Unidos)bDuke University Pressc2005 axii, 612 páginas0 aPolitics, history, and culture aIncluye referencias bibliográficas e índices 7aCambio social 7aSociología histórica1 aAdams, Juliad1957-eeditor1 aClemens, Elisabeth Stephanied1958-eeditor1 aOrloff, Ann Shola.eeditor